| 000 | 01500nac a22003251u 4500 | ||
|---|---|---|---|
| 010 | _a 2004351501 | ||
| 020 | _a0072227427 | ||
| 020 | _a0070596964 | ||
| 035 | _a(OCoLC)ocm50938168 | ||
| 082 | 0 | 4 |
_a005.8 _bM4788 |
| 090 |
_c459 _d459 |
||
| 100 | _aMcClure, Stuart. | ||
| 245 | 1 | 0 |
_aHacking exposed : _bnetwork security secrets & solutions / _cStuart McClure, Joel Scambray, George Kurtz. |
| 260 |
_aNew Delhi ; _aLondon : _bTata McGraw-Hill _c2004 |
||
| 300 |
_axxiv, 737 p. : _bill. ; _c24 cm. + _e1 videodisc. |
||
| 500 | _aPrevious ed.: 2001. | ||
| 500 | _aIncludes index. | ||
| 505 | 2 | _aCasing the establishment -- System hacking -- Network hacking -- Software hacking -- Appendixes. | |
| 650 | 0 |
_aComputer networks _xSecurity measures. |
|
| 650 | 0 | _aData protection. | |
| 650 | 0 | _aComputer security. | |
| 700 | 1 | _aScambray, Joel. | |
| 700 | 1 | _aKurtz, George. | |
| 856 | 4 | 2 |
_3Publisher description _uhttp://www.loc.gov/catdir/description/mh051/2004351501.html |
| 856 | 4 | 2 |
_3Contributor biographical information _uhttp://www.loc.gov/catdir/bios/mh051/2004351501.html |
| 856 | 4 | 2 |
_3Table of contents _uhttp://www.loc.gov/catdir/toc/mh051/2004351501.html |
| 942 |
_cBB _k005.8M4788 |
||
| 999 |
_c459 _d459 |
||